000 00648nam a2200205Ia 4500
003 GCL
008 140319s9999 xx 000 0 ara d
040 _aGCL /
_cGCL
082 0 4 _a811.90
_bا ح
100 1 _aاحمد هيكل
245 1 0 _aحفيف الخريف /
_cاحمد هيكل
260 _a[S.N] :
_bالهيئة المصرية العامة للكتاب ،
_c1991
300 _a123 ص
490 _aبطولات اسلامية
_v0
650 0 4 _aالشعر العربى
650 0 4 _aالادب العربى
650 0 4 _aدواوين وقصائد
650 0 4 _aالشعر العربى - العصر الحديث
942 _2ddc
_cBK
999 _c29583
_d29583